000 00262nam a2200097Ia 4500
082 _aAF MALH
245 0 _aLiefste strooipop
100 _a MALHERBE, Madeleine Kaapstad, 2004 1ste uitg
_992704
942 _cBK
008 210817s9999 xx 000 0 und d
999 _c378337
_d378336